000 00520cam a2200169 4500
008 170303n 000 0 eng u
020 _a9780230348080
035 _a(Sirsi) a201496
050 _aPR 4147 MAR 2012
100 _aMarsh, Nicholas.
245 _aWilliam Blake :
_b the poems /
_c Nicholas March.
250 _a2nd ed.
260 _aHampshire :
_b Palgrave Macmillian,
_c 2012.
300 _axi, 253p.
504 _aIncludes index.
650 _aBlake William, 1757-1827 - Criticism and Interpretation.
999 _c128336
_d128336